000 00719nam a2200241 a 4500
008
020 _a1405101733 (pbk.)
049 _aMAIN
090 _aQE501
_bLEE
100 1 _aLeeder, Mike.
245 1 0 _aPhysical process in earth and environment sciencs /
_cMike Leeder and Marta Perez-Arlucea.
260 _aMalden :
_bBlackwell Publishing,
_c2006.
300 _axi, 321 p. :
_bill. ;
_c28 cm.
500 _aIncludes index.
650 _aEarth sciences
_vMathematics.
650 1 _aGeodynamics.
700 _aPerez-Arlucea, Marta.
907 _a.b10285477
_b29-07-11
_c28-10-10
003
005 20230123125052.0
040 _cNUST
942 _cBOOKS
_kQE501
_mLEE
999 _c135182
_d135182